000 01035nam a22003257a 4500
003 CHAP
005 20220329143018.0
008 050808s1995 us a r 00010 eng
010 _a90650
011 _a91622
020 _a1560228539
035 _a102183
040 _cCHAP
082 0 4 _a634.711
_bC7
100 0 0 _aCrandall, Perry C.
_928829
245 1 0 _aBramble production :
_bThe management and marketing of raspberries and blackberries
_c/por Perry C. Crandall
260 _aNew York :
_bFood products press,
_c1995
300 _a213 p. :
_bilus.; cuadros,
590 _aBATCH-UPD
_b10
_c20130110
_lUCH01
_h0507
590 _aBATCH-UPD
_b10
_c20130110
_lUCH01
_h2306
590 _aCONVERSION
_b10
_c20130109
_lUCH01
_h1350
650 1 4 _aFrambuesa.
_942867
650 1 4 _aFrambuesa
_xMercadeo.
_942884
650 1 4 _aMora.
_978113
650 1 4 _aMora
_xMercadeo.
_978115
901 _aBK
905 _aElisama A. H.
942 _cLIBRO
949 _a634.711 C7
_bBC
_cLIBRO
_d33724000974853
_eLIBRO
_gI.224692
_h106070
_i102183
_si
_t$553.00
999 _c90650
_d90650